[Event "Internet Section 06B g/8'+2\""]
[Site "Dos Hermanas"]
[Date "2004.03.06"]
[Round "1"]
[White "Steinmann, Thierry"]
[Black "Starostits, Ilmars"]
[Result "0-1"]
[WhiteElo "1530"]
[BlackElo "2213"]
[PlyCount "34"]
[EventDate "2004.03.06"]
[EventType "swiss (blitz)"]
[EventRounds "9"]
[EventCountry "ESP"]
[SourceTitle "CBM 099 Extra"]
[Source "ChessBase"]
[SourceDate "2004.05.04"]
[SourceVersion "1"]
[SourceVersionDate "2004.05.04"]
[SourceQuality "1"]

1. e3 d5 2. d4 Nf6 3. c4 e6 4. Nc3 b6 5. Nf3 Bb7 6. a3 Nbd7 7. Be2 Bd6 8. 0-0 0-0 9. b4 c5 10. bxc5 bxc5 11. Rb1 Rb8 12. Qa4 dxc4 13. Bxc4 Nb6 14. Qb5 Bxf3 15. gxf3 cxd4 16. exd4 Qc7 17. f4 Qxc4 0-1